000 00338nam a2200133Ia 4500
008 240624s9999 xx 000 0 und d
041 _aeng
082 _a658.4092 BAR
100 _aBRANES JOHN A
245 _aJOHN F KENNEDY ON LEADERSHIP THE LESSONS
260 _c2005
_aNew York
_bAmacom
300 _ax, : 228p. ; 23cm
365 _c
_b28
999 _c22054
_d22054